Wireless personal communications: The evolution of personal communications systems / (Record no. 194259)

000 -LEADER
fixed length control field 00700 a2200157 4500
003 - CONTROL NUMBER IDENTIFIER
control field Nust
005 - DATE AND TIME OF LATEST TRANSACTION
control field 20230802102237.0
040 ## - CATALOGING SOURCE
Transcribing agency Nust
082 ## - DEWEY DECIMAL CLASSIFICATION NUMBER
Classification number 621.38456,WIR
245 ## - TITLE STATEMENT
Title Wireless personal communications: The evolution of personal communications systems /
Statement of responsibility, etc. editors Theodore S. Rappaport, Brian D. Woerner and Jeffrey H. Reed
260 ## - PUBLICATION, DISTRIBUTION, ETC.
Place of publication, distribution, etc. London,
Name of publisher, distributor, etc. Kluwer,
Date of publication, distribution, etc. 1996.
300 ## - PHYSICAL DESCRIPTION
Extent 212 p.
505 ## - FORMATTED CONTENTS NOTE
Formatted contents note Wireless Networks And Services (Page-1), Wireless CDMA (Page-58), Antennas, Propagation And System Design (Page-88), Simulation, Modulation And Equalization For Wireless Communications (Page-158).
650 ## - SUBJECT ADDED ENTRY--TOPICAL TERM
Topical term or geographic name entry element Wireless personal communications
9 (RLIN) 113886
942 ## - ADDED ENTRY ELEMENTS (KOHA)
Source of classification or shelving scheme
Koha item type Book
Call number prefix 621.38456,WIR
Holdings
Withdrawn status Lost status Source of classification or shelving scheme Damaged status Not for loan Permanent Location Current Location Shelving location Date acquired Full call number Barcode Date last seen Price effective from Koha item type Public note
          Military College of Signals (MCS) Military College of Signals (MCS) General Stacks 12/12/2016 621.38456,WIR MCS5758 12/08/2016 12/12/2016 Book Almirah No.84, Shelf No.3
          Military College of Signals (MCS) Military College of Signals (MCS) General Stacks 12/12/2016 621.38456,WIR MCS5759 12/08/2016 12/12/2016 Book Almirah No.84, Shelf No.3
© 2023 Central Library, National University of Sciences and Technology. All Rights Reserved.